| 000 | 01389nam a2200337Ia 4500 | ||
|---|---|---|---|
| 001 | ebr10058383 | ||
| 003 | CaPaEBR | ||
| 006 | m u | ||
| 007 | cr cn||||||||| | ||
| 008 | 930526s1994 nyua sb 001 0 eng d | ||
| 010 | _z 93005056 | ||
| 020 | _z0203425111 | ||
| 020 | _z0415102588 | ||
| 040 |
_aCaPaEBR _cCaPaEBR |
||
| 035 | _a(OCoLC)52183845 | ||
| 050 | 1 | 4 |
_aLA633 _b.T43 1994eb |
| 082 | 0 | 4 |
_a372.941 _220 |
| 245 | 0 | 0 |
_aTeaching and learning in the primary school _h[electronic resource] / _cedited by Andrew Pollard and Jill Bourne. |
| 260 |
_aNew York : _bRoutledge in association with the Open University, _c1994. |
||
| 300 |
_aix, 326 p. : _bill. |
||
| 500 | _a"Open University Postgraduate Certificate of Education"--P. [ii]. | ||
| 504 | _aIncludes bibliographical references (p. [317]-318) and index. | ||
| 533 |
_aElectronic reproduction. _bPalo Alto, Calif. : _cebrary, _d2009. _nAvailable via World Wide Web. _nAccess may be limited to ebrary affiliated libraries. |
||
| 650 | 0 |
_aEducation, Elementary _zGreat Britain. |
|
| 650 | 0 |
_aElementary school teaching _zGreat Britain. |
|
| 650 | 0 | _aLearning. | |
| 655 | 7 |
_aElectronic books. _2local |
|
| 700 | 1 |
_aPollard, Andrew, _d1949- |
|
| 700 | 1 |
_aBourne, Jill, _d1947- |
|
| 856 | 4 | 0 |
_uhttp://site.ebrary.com/lib/rucke/Doc?id=10058383 _zAn electronic book accessible through the World Wide Web; click to view |
| 999 |
_c69346 _d69346 |
||